000 00567nam a2200229Ia 4500
003 OSt
005 20221005130843.0
006 a|||||r|||| 00| 0
007 ta
008 221004b |||||||| |||| 00| 0 tam d
024 _a50982
037 _cTextual
040 _aCRL
_cCRL
_btam
041 _2tam
_atam
082 _aP31,A, J7
100 _aSaminathaiyar
_9629919
245 0 _aSanoathamizhum pirkalathamlzhum
260 _c1957
650 _aTAMIL LANGUAGE
942 _hP31,A, J7
_cTEXL
_2cc
999 _c1058614
_d1058614